Indigenous and Contemporary Gender Concepts and Issues in Africa (Record no. 2698)

MARC details
000 -LEADER
fixed length control field 00367nam a22001337a 4500
008 - FIXED-LENGTH DATA ELEMENTS--GENERAL INFORMATION
fixed length control field 250325b |||||||| |||| 00| 0 eng d
020 ## - INTERNATIONAL STANDARD BOOK NUMBER
ISBN 9780232206
100 ## - MAIN ENTRY--AUTHOR
Author OGUNDIPE Molara Prof.
245 ## - TITLE STATEMENT
Title Indigenous and Contemporary Gender Concepts and Issues in Africa
260 ## - PUBLICATION, DISTRIBUTION, ETC. (IMPRINT)
Place of publication Lagos
Name of publisher Malthouse Press
Date of publication 2007
300 ## - COLLATION
Pagination 53p.
942 ## - ADDED ENTRY ELEMENTS (KOHA)
Item type Books
050 ## - LIBRARY OF CONGRESS CALL NUMBER
Classification number PN8821
Item number .O36
Holdings
Source of classification or shelving scheme Not for loan Permanent location Current location Date acquired Accession No. Full call number Barcode. Koha item type
Library of Congress Classification   Samuel Ogbemudia Main Library, University of Abuja Samuel Ogbemudia Main Library, University of Abuja 03/25/2025 2008/38200 PN8821.O36 2025-0994 Books
Library of Congress Classification   Samuel Ogbemudia Main Library, University of Abuja Samuel Ogbemudia Main Library, University of Abuja 03/25/2025 2008/38200 PN8821.O36 2025-0995 Books